Countries with Strong relations with Iran - Statistics

General Stats
  • This quiz has been taken 127 times
  • The average score is 26 of 38
Answer Stats
Hint Answer % Correct
Europe Russia
94%
Asia Syria
94%
Asia China
92%
Asia Afghanistan
85%
Asia Oman
85%
Asia Pakistan
85%
Asia India
83%
Asia Iraq
83%
Asia Lebanon
83%
Asia North Korea
81%
Asia Uzbekistan
81%
Asia Armenia
79%
North America Cuba
79%
Asia Qatar
79%
Asia Turkmenistan
79%
South America Venezuela
79%
Europe Belarus
77%
Asia Tajikistan
75%
Africa Algeria
74%
Asia Indonesia
74%
Asia Kazakhstan
72%
Asia Kyrgyzstan
70%
Asia Bangladesh
68%
Asia Vietnam
64%
Africa Zimbabwe
64%
South America Bolivia
60%
North America Nicaragua
58%
Africa Tunisia
57%
Asia Myanmar
55%
Africa Mali
49%
Africa South Africa
49%
Asia Brunei
47%
Asia Sri Lanka
47%
Africa Eritrea
45%
Africa Ethiopia
45%
Africa Uganda
43%
Asia Philippines
38%
Africa Burundi
32%
No matching quizzes found
Score Distribution
Percent of People with Each Score
Percentile by Number Answered
Your Score History
You have not taken this quiz